| 000 | 00535cam a2200181ua 4500 | ||
|---|---|---|---|
| 001 | 6822 | ||
| 008 | 140328n ii |||gr||||Z||||||eng | ||
| 040 | _cMAIN | ||
| 082 | _a338.7 | ||
| 245 |
_aEssentials of business organisation and management _cBy Chitta Priya Bhowmik |
||
| 260 |
_aCalcutta: _bVijoya publishing house, _c1984. |
||
| 300 | _axiii,431p. | ||
| 653 | _aProduction | ||
| 653 | _aBusiness organisation and management | ||
| 700 |
_aBhowmik,Chitta Priya, _eAuthor., |
||
| 700 |
_aDutta,Saral Krishna, _eAuthor. |
||
| 942 | _cBK | ||
| 999 |
_c5970 _d5970 |
||